000 00430pab a2200169 454500
008 180718b2006 xxu||||| |||| 00| 0 eng d
100 _aTripathy, K.K.
245 _aProcessed food industry in India: potentials and constraints
260 _c2006
300 _ap.12-16.
362 _aApr
650 _aBudget - India
650 _aFood industry - India
650 _aFood industry
773 _aKurukshetra
909 _a69292
999 _c69292
_d69292